| 000 | 00943nac a22002897a 4500 | ||
|---|---|---|---|
| 001 | BR8304569 | ||
| 003 | BR-BrBNA | ||
| 005 | 20240105115820.0 | ||
| 008 | 230509b bl.|||m| |||| 00| 0 por d | ||
| 040 |
_aBR-BrBNA _bpor _cBiblioteca Nacional de Agricultura |
||
| 072 | _aH20 | ||
| 090 | _a0710 BR8304569 | ||
| 100 | 1 | _aBonetti, J.I. das S. | |
| 100 | 1 | _aBleicher, J. | |
| 110 | 1 | _aEmpresa Catarinense de Pesquisa Agropecuaria S.A., Florianopolis, SC (Brasil) | |
| 245 | 1 | _aControle quimico da sarna da macieira [Santa Catarina, Brasil] | |
| 260 | 3 |
_aFlorianopolis, SC (Brasil): _c1983. |
|
| 300 | _a6 p. | ||
| 490 |
_aComunicado Tecnico - Empresa Catarinense de Pesquisa Agropecuaria S.A. (Brazil) _vno. 65 _xISSN 0100-4719 |
||
| 500 | _a15 ref. | ||
| 650 | _aMACA | ||
| 650 | _aFUNGO | ||
| 650 | _aSARNA DE PLANTA | ||
| 650 | _aCONTROLE QUIMICO | ||
| 909 |
_a202312 _bLúcia Elande _c55 _dLúcia Elande |
||
| 942 |
_2AGRIS _n0 _cMS |
||
| 999 |
_c276532 _d276532 |
||